| 000 | 00663nam a22001937a 4500 | ||
|---|---|---|---|
| 003 | DO-CoUTE | ||
| 005 | 20260414152954.0 | ||
| 008 | 260414b dr ||||| |||| 00| 0 spa d | ||
| 040 |
_aDO-CoUTE _bspa _cDO-CoUTE |
||
| 082 | _aRD 860.42H5190C | ||
| 100 | 1 |
_aHenríquez Ureña, pedro _eAutor |
|
| 245 | 1 | 0 |
_aEscrito politicos, sociológicos y filosóficos : _bObras completas / _cPedro Henríquez Ureña |
| 260 |
_aRepublica Dominicana : _bEditorial nacional ; _c2004 |
||
| 300 |
_a478 Paginas : _c23cm, |
||
| 504 | _aIncluye referencia bibliográfica e índice. | ||
| 650 | 4 | _aescritos | |
| 700 | 1 |
_a Pedro Henríquez Ureña _eautor |
|
| 942 |
_2ddc _cBK |
||
| 999 |
_c24107 _d24107 |
||